Welcome to WEB OPAC of MRSPTU Central Library

Solid state Physics (Record no. 903)

MARC details
000 -LEADER
fixed length control field 00396nam a2200169Ia 4500
008 - FIXED-LENGTH DATA ELEMENTS--GENERAL INFORMATION
fixed length control field 230711s9999||||xx |||||||||||||| ||und||
020 ## - INTERNATIONAL STANDARD BOOK NUMBER
International Standard Book Number 978-0333-91833-3
041 ## - LANGUAGE CODE
Language code of text/sound track or separate title ENG
082 ## - DEWEY DECIMAL CLASSIFICATION NUMBER
Classification number 530
Item number DE-S
100 ## - MAIN ENTRY--PERSONAL NAME
Personal name Dekker,AJ
245 #0 - TITLE STATEMENT
Title Solid state Physics
250 ## - EDITION STATEMENT
Edition statement 1st Ed.
260 ## - PUBLICATION, DISTRIBUTION, ETC.
Date of publication, distribution, etc. 2012
Place of publication, distribution, etc. New Delhi
Name of publisher, distributor, etc. MacMillan Publications Pvt.Ltd
300 ## - PHYSICAL DESCRIPTION
Extent 540
650 ## - SUBJECT ADDED ENTRY--TOPICAL TERM
Topical term or geographic name entry element Physics
942 ## - ADDED ENTRY ELEMENTS (KOHA)
Koha item type Book
Holdings
Withdrawn status Lost status Damaged status Not for loan Collection Home library Current library Date acquired Total checkouts Full call number Barcode Date last seen Price effective from Koha item type Date last checked out
          MRSPTU Central Library MRSPTU Central Library     530 DE-S 4356 08/17/2023 08/17/2023 Book  
          MRSPTU Central Library MRSPTU Central Library     530 DE-S 4357 08/17/2023 08/17/2023 Book  
          MRSPTU Central Library MRSPTU Central Library     530 DE-S 4358 08/17/2023 08/17/2023 Book  
          MRSPTU Central Library MRSPTU Central Library     530 DE-S 4359 08/17/2023 08/17/2023 Book  
          MRSPTU Central Library MRSPTU Central Library     530 DE-S 4360 08/17/2023 08/17/2023 Book  
          MRSPTU Central Library MRSPTU Central Library   1 530 DE-S 4361 01/12/2024 08/17/2023 Book 12/04/2023
          MRSPTU Central Library MRSPTU Central Library     530 DE-S 4362 08/17/2023 08/17/2023 Book  
          MRSPTU Central Library MRSPTU Central Library     530 DE-S 4363 08/17/2023 08/17/2023 Book  
          MRSPTU Central Library MRSPTU Central Library   1 530 DE-S 4364 12/18/2023 08/17/2023 Book 12/04/2023
          MRSPTU Central Library MRSPTU Central Library     530 DE-S 4365 08/17/2023 08/17/2023 Book  
          MRSPTU Central Library MRSPTU Central Library     530 DE-S 15454 08/17/2023 08/17/2023 Book  
          MRSPTU Central Library MRSPTU Central Library   5 530 DE-S 15455 01/12/2024 08/17/2023 Book 12/15/2023
          MRSPTU Central Library MRSPTU Central Library     530.41 DE-S 31226 08/17/2023 08/17/2023 Book  
          MRSPTU Central Library MRSPTU Central Library     530.41 DE-S 31227 08/17/2023 08/17/2023 Book  

Website Designed and Developed by MRSPTU Central Library Team

E-mail Id: librarian@mrsptu.ac.in